00418nam a22001697a 4500999001700000003000400017008004100021020001800062082001600080100002500096245005100121250000800172260003000180300000800210650001800218942001200236 c11420d11420OSt220709b ||||| |||| 00| 0 eng d a9788131262283 a615.321 HEF aHEINRICH,Michael etc aFundamentals of Pharmacognosy and Phytotherapy a3th aNew DelhibElsevierc2018 a359 aPharmacognosy 2ddccBK